<?xml version="1.0" encoding="UTF-8"?>
<collection xmlns:xsi="http://www.w3.org/2001/XMLSchema-instance" xsi:schemaLocation="http://www.loc.gov/MARC21/slim http://www.loc.gov/standards/marcxml/schema/MARC21slim.xsd" xmlns="http://www.loc.gov/MARC21/slim">
 <record>
  <leader>00000cam a22000004i 4500</leader>
  <controlfield tag="001">UP-99796217611057977</controlfield>
  <controlfield tag="003">Buklod</controlfield>
  <controlfield tag="005">20140116085053.0</controlfield>
  <controlfield tag="006">a     r    |||| u|</controlfield>
  <controlfield tag="007">ta</controlfield>
  <controlfield tag="008">130321s2013    flu     rb   |001 0|eng d</controlfield>
  <datafield tag="020" ind1=" " ind2=" ">
   <subfield code="a">9781439866153 (hardback)</subfield>
  </datafield>
  <datafield tag="035" ind1=" " ind2=" ">
   <subfield code="a">(iLib)UPD-00210204722</subfield>
  </datafield>
  <datafield tag="040" ind1=" " ind2=" ">
   <subfield code="a">DIM</subfield>
  </datafield>
  <datafield tag="041" ind1=" " ind2=" ">
   <subfield code="a">eng</subfield>
  </datafield>
  <datafield tag="090" ind1=" " ind2=" ">
   <subfield code="a">QA 241</subfield>
   <subfield code="b">D37 2013</subfield>
  </datafield>
  <datafield tag="100" ind1="1" ind2=" ">
   <subfield code="a">Das, Abhijit</subfield>
   <subfield code="d">1968-</subfield>
  </datafield>
  <datafield tag="245" ind1="1" ind2="0">
   <subfield code="a">Computational number theory</subfield>
   <subfield code="c">Abhijit Das.</subfield>
  </datafield>
  <datafield tag="300" ind1=" " ind2=" ">
   <subfield code="a">xviii, 596 pages</subfield>
   <subfield code="b">illustrations</subfield>
   <subfield code="c">24 cm</subfield>
  </datafield>
  <datafield tag="490" ind1="0" ind2=" ">
   <subfield code="a">Discrete mathematics and its applications</subfield>
  </datafield>
  <datafield tag="504" ind1=" " ind2=" ">
   <subfield code="a">Includes bibliographical references and index.</subfield>
  </datafield>
  <datafield tag="520" ind1=" " ind2=" ">
   <subfield code="a">Preface This book is a result of my teaching a Masters-level course with the same name for five years in the Indian Institute of Technology Kharagpur. The course was attended mostly by MTech and final-year BTech students from the department of Computer Science and Engineering. Students from the department of Mathematics and other engineering departments (mostly Electronics and Electrical Engineering, and Information Technology) also attended the course. Some research students enrolled in the MS and PhD programs constituted the third section of the student population. Historically, therefore, the material presented in this book is tuned to cater to the need and taste of engineering students in advanced undergraduate and beginning graduate levels. However, several topics that could not be covered in a one-semester course have also been included in order to make this book a comprehensive and complete treatment of number-theoretic algorithms. A justification is perhaps due to the effect why another textbook on computational number theory was necessary. Some (perhaps not many) textbooks on this subject are already available to international students. These books vary widely with respect to their coverage and technical sophistication. I believe that a textbook specifically targeted towards the engineering population is somewhat missing. This book should be accessible (but is not restricted) to students who have not attended any course on number theory. My teaching experience shows that heavy use of algebra (particularly, advanced topics like commutative algebra or algebraic number theory) often demotivates students -- Provided by publisher.</subfield>
  </datafield>
  <datafield tag="650" ind1=" " ind2="0">
   <subfield code="a">Number theory</subfield>
   <subfield code="x">Data processing.</subfield>
  </datafield>
  <datafield tag="650" ind1=" " ind2="0">
   <subfield code="a">Data encryption (Computer science)</subfield>
  </datafield>
  <datafield tag="650" ind1=" " ind2="7">
   <subfield code="a">COMPUTERS / Security / Cryptography.</subfield>
   <subfield code="2">bisacsh.</subfield>
  </datafield>
  <datafield tag="650" ind1=" " ind2="7">
   <subfield code="a">MATHEMATICS / Applied.</subfield>
   <subfield code="2">bisacsh.</subfield>
  </datafield>
  <datafield tag="650" ind1=" " ind2="7">
   <subfield code="a">MATHEMATICS / Number Theory.</subfield>
   <subfield code="2">bisacsh.</subfield>
  </datafield>
  <datafield tag="905" ind1=" " ind2=" ">
   <subfield code="a">FO</subfield>
  </datafield>
  <datafield tag="852" ind1="0" ind2=" ">
   <subfield code="a">UPD</subfield>
   <subfield code="b">DIM</subfield>
   <subfield code="h">QA 241 D37 2013</subfield>
  </datafield>
  <datafield tag="942" ind1=" " ind2=" ">
   <subfield code="a">Book</subfield>
  </datafield>
 </record>
</collection>
